000 00568nam a2200193 i 4500
001 24597
003 ES-MaACL
005 20250822095128.0
007 t|
008 021218m19681969sp ||||1| spa d
245 0 0 _aAntología del humor /
_c[selección de Carlos González Castresana].
260 _aBarcelona :
_bAcervo,
_c[1968-69]
300 _a2 v. ;
_c21 cm.
500 _aSon los volúmenes 1 y 2.
650 0 7 _aHumorismo
_2embne
_913509
700 1 _aGonzález Castresana, Carlos.
_958504
852 _aES-MaACL
_jP-1397
_bR.67564
999 _c24597
_d24597